Budapesti villamosmegállók listája - Statistics

General Stats
  • This quiz has been taken 423 times
    337 since last reset
  • The average score is 102 of 308
Answer Stats
Answer % Correct
Margitsziget / Margit híd
84%
Nyugati pályaudvar M
81%
Jászai Mari tér
80%
Bécsi út / Vörösvári út
79%
Blaha Lujza tér M
78%
Haller utca / Mester utca
78%
Móricz Zsigmond körtér M
78%
Széll Kálmán tér M
78%
Mester utca / Könyves Kálmán körút
77%
Mester utca / Ferenc körút
75%
Gubacsi út / Határ út
74%
Oktogon M
74%
Közvágóhíd H
73%
Boráros tér H
72%
Deák Ferenc tér M
72%
Fővám tér M
72%
Kelenföld vasútállomás M
72%
Mártírok útja / Határ út
72%
Astoria M
71%
Jókai Mór utca / Határ út
71%
Nagykőrösi út / Határ út
71%
Újbuda-központ M
71%
Corvin-negyed M
70%
Kálvin tér M
70%
Népliget M
70%
Puskás Ferenc Stadion M
70%
Bikás park M
69%
Déli pályaudvar M
69%
Széna tér
69%
Budafoki út / Szerémi sor
68%
Budafoki út / Karinthy Frigyes út
67%
Keleti pályaudvar M
67%
Király utca / Erzsébet körút
67%
Petőfi híd, budai hídfő
67%
Budafoki út / Dombóvári út
66%
Harminckettesek tere
66%
Mexikói út M
66%
Rákóczi tér M
66%
Hős utca
65%
Wesselényi utca / Erzsébet körút
65%
Etele út / Fehérvári út
64%
Kossuth Lajos tér M
64%
Göncz Árpád városközpont M
63%
Mechwart liget
62%
Hidegkuti Nándor Stadion
61%
Hűvösvölgy
61%
Infopark
61%
Örs vezér tere M+H
61%
Lehel tér M
60%
Savoya Park
60%
Kőbányai út / Könyves Kálmán körút
59%
Szent Gellért tér - Műegyetem M
58%
Szentlélek tér H
57%
Wesselényi utca
57%
Március 15. tér
56%
Újpest-központ M
55%
Népfürdő utca / Árpád híd
54%
Zugló vasútállomás
54%
Élessarok
53%
Flórián tér
53%
Haller utca / Soroksári út
53%
Kőbánya alsó vasútállomás
52%
BAH-csomópont
50%
Gárdonyi tér
50%
Honvédkórház
50%
Lehel utca / Róbert Károly körút
50%
Rudas Gyógyfürdő
50%
Városház tér
50%
Batthyány tér M+H
49%
Bosnyák tér
49%
Ecseri út M
49%
Hauszmann Alajos utca / Szerémi út
49%
Országház, látogatóközpont
49%
Hengermalom út / Szerémi út
48%
Margit híd, budai hídfő H
48%
Erzsébet királyné útja, aluljáró
47%
Clark Ádám tér
46%
Kamaraerdei Ifjúsági Park
46%
Lehel utca / Dózsa György út
46%
Budafok kocsiszín
45%
Nagyvárad tér M
45%
Vágány utca / Róbert Károly körút
45%
Albertfalva kitérő
44%
II. János Pál pápa tér M
44%
Vigadó tér
44%
Ajtósi Dürer sor
43%
Béke tér
43%
Hauszmann Alajos utca
43%
Városmajor
43%
Andor utca
42%
Kolosy tér
42%
Szent János Kórház
42%
Bártfai utca
41%
Orczy tér
41%
Zsil utca
41%
Angyalföld kocsiszín
40%
Ferencváros vasútállomás – Málenkij Robot Emlékhely
40%
Kőbánya felső vasútállomás
40%
Kosztolányi Dezső tér
40%
Nagy Lajos király útja / Czobor utca
40%
Határ út M
39%
Lehel utca
39%
Sörgyár
39%
Budagyöngye
38%
Egressy út / Hungária körút
38%
Széchenyi István tér
38%
Várkert Bazár
38%
Albert Flórián út
37%
Csörsz utca
37%
Kacsóh Pongrác út
37%
Óbudai rendelőintézet
37%
Pesterzsébet, Pacsirtatelep
37%
Vajda Péter utca
37%
Budafoki elágazás
36%
Új köztemető
36%
Budaörsi út / Villányi út
34%
Kossuth tér
34%
Albertfalva utca
33%
Fő tér
33%
Karolina út
33%
Márton Áron tér
33%
Müpa – Nemzeti Színház H
33%
Nyúl utca
33%
Rákospalota-Újpest vasútállomás
32%
Eötvös tér
31%
Farkasréti temető
31%
Izraelita temető
31%
Rákospalota, MÁV-telep
31%
Angyalföld vasútállomás
30%
Bem József tér
30%
Csonka János tér
30%
Döbrentei tér
30%
Fő út
30%
Magdolna utca
30%
Savoyai Jenő tér
30%
Kék Golyó utca
29%
Lajosmizsei sorompó
29%
Tél utca / Pozsonyi utca
29%
Gyöngyösi utca
28%
Halász utca
28%
Káposztásmegyer, Megyeri út
28%
Királyhágó utca
28%
Szent László tér
28%
Szent Lukács Gyógyfürdő
28%
Zsigmond tér
28%
Egressy tér
27%
Katinyi mártírok parkja
27%
Leányka utcai lakótelep
27%
Akadémia
26%
Apor Vilmos tér
26%
Frangepán utca
26%
Laky Adolf utca
26%
Rákospalota, Kossuth utca
26%
Újpalota, Erdőkerülő utca
26%
Fehér úti ipari park
25%
Szent Gellért-templom
25%
Fiastyúk utca
24%
Kossuth Lajos utca / Ady Endre út
24%
Közterületfenntartó Zrt.
24%
Krisztina tér
24%
Pető Intézet (Villányi út)
24%
Corvin körút
23%
Kerékgyártó utca
23%
Koppány utca
23%
Nagyenyed utca
23%
Öv utca
23%
Pestszentlőrinc, Béke tér
23%
Szarvas csárda tér
23%
Szent Margit Kórház
23%
Balázs Béla utca
22%
Kispest, Tulipán utca
22%
Óceán-árok utca
22%
Ősz utca
22%
Repülőtér
22%
Svábhegy
22%
Szülőotthon
22%
Dologház utca
21%
Epreserdő utca
21%
Fonyód utca
21%
Hun utca
21%
Kada utca / Maglódi út
21%
Nagyhíd
21%
Széchenyi-hegy, Gyermekvasút
21%
Szent László Gimnázium
21%
Szugló utca / Nagy Lajos király útja
21%
Bőrfestő utca
20%
Bőröndös utca
20%
Csóka utca (Karinthy Színház)
20%
Elnök utca
20%
Fő utca
20%
Illatos út
20%
Jeszenák János utca
20%
Kalotaszeg utca
20%
Kelemen László utca
20%
Kőbányai út 31.
20%
Mészáros Lőrinc utca
20%
Miskolci utca
20%
Nagysándor József utca
20%
Pongrátz Gergely tér
20%
Tas vezér utca
20%
Teleki László tér
20%
Tihamér utca
20%
Török Flóris utca
20%
Vásárcsarnok
20%
Vas Gereben utca / Ady Endre út
20%
Atlétikai stadion
19%
Balatoni út
19%
Dévai utca
19%
Dózsa György tér
19%
Golgota tér
19%
Kőbányai út 21.
19%
Kocka utca
19%
Rokolya utca
19%
Váradi utca
19%
Vörösmarty utca
19%
Alsóhegy utca
18%
Baross utca
18%
Csengettyű utca
18%
Fertő utca / Bihari utca
18%
Kelenvölgy-Péterhegy
18%
Komjádi Béla utca
18%
Kossuth Lajos utca
18%
Rózsavölgy felső
18%
Szüret utca
18%
Thököly út
18%
Vágóhíd utca
18%
Völgy utca
18%
Zuhatag sor
18%
Eiffel Műhelyház
17%
Erdei iskola
17%
Jászberényi út / Maglódi út
17%
Kén utca
17%
Királyhágó tér
17%
Kőérberek
17%
Őrház
17%
Rózsavölgy alsó
17%
Szent István tér (Újpesti piac)
17%
Szerencs utca / Bánkút utca
17%
Templom tér
17%
Tóth István utca
17%
Újpesti rendelőintézet
17%
Villanytelep
17%
Adonis utca
16%
Balkán utca
16%
Ferencvárosi rendelőintézet
16%
Fűrész utca
16%
Kiss Ernő utca
16%
Kőbánya alsó vasútállomás (Mázsa tér)
16%
Kocsis Sándor Sportközpont
16%
Mikó utca
16%
Nagyajtai utca
16%
Pongrácz úti lakótelep
16%
Rákospatak utca
16%
Vas Gereben utca
16%
Bokréta utca
15%
Esze Tamás iskola
15%
Géza fejedelem tér
15%
Heinrich István utca
15%
Margó Tivadar utca
15%
Orgonás
15%
Selmeci utca
15%
Árpád utca
14%
Gitár utca
14%
Kiss János altábornagy utca
14%
Magyar Aszfalt
14%
Mázsa utca
14%
Pék utca
14%
Sárfű utca
14%
Sírkert út
14%
Honvéd utca
13%
Kőbányai garázs
13%
Pöltenberg utca
13%
Új köztemető (Kozma utca)
13%
Zólyomi lépcső
13%
Ábrahám Géza utca
12%
Asztalos Sándor út
12%
Bajcsy-Zsilinszky út
12%
Dal utca
12%
Iparvasút
12%
János tér
12%
Járműtelep utca
12%
Tinódi utca
12%
Vadaskerti utca
12%
Bajcsy-Zsilinszky Kórház
11%
Fülőke utca
11%
Kemény Zsigmond utca
11%
Művész út
11%
Salgótarjáni utca, temető
11%
Szabótelep
11%
Ungvár utca
11%
Városkút
11%
Akácfa utca
10%
Fegyvergyár utca
10%
Halom utca
10%
Madarász utca
10%
Süveg utca
10%
Székelyhíd utca
10%
Szent Imre herceg utca
10%
Timót utca
10%
Hentes utca
9%
Hungária út (Rendőrség)
9%
Károly utca
9%
Venyige utca
9%
Klapka utca
8%
Vécsey utca
8%
Liptó utca
7%
Thököly utca
7%
Kismartoni út
6%
No matching quizzes found
Score Distribution
Percent of People with Each Score
Percentile by Number Answered
Your Score History
You have not taken this quiz since the last reset